К вопросу о развитии разряда в твердых диэлектриках; Пробой диэлектриков и полупроводников

Detalhes bibliográficos
Parent link:Пробой диэлектриков и полупроводников.— 1964.— С. 124-127
Autor principal: Ушаков В. Я. Василий Яковлевич
Outros Autores: Торбин Н. М.
Idioma:russo
Publicado em: 1964
Assuntos:
Formato: Capítulo de Livro
KOHA link:https://koha.lib.tpu.ru/cgi-bin/koha/opac-detail.pl?biblionumber=175303

MARC

LEADER 00000naa2a2200000 4500
001 175303
005 20240115112442.0
035 |a (RuTPU)RU\TPU\book\190076 
035 |a RU\TPU\tpu\4449 
090 |a 175303 
100 |a 20100211d1964 k y0rusy50 ca 
101 0 |a rus 
102 |a RU 
200 1 |a К вопросу о развитии разряда в твердых диэлектриках  |f В. Я. Ушаков, Н. М. Торбин 
320 |a Библиогр.: 14 назв. 
463 0 |0 (RuTPU)RU\TPU\book\97092  |t Пробой диэлектриков и полупроводников  |o сборник докладов 4 Межвузовской конференции по пробою диэлектриков и полупроводников, г. томск, 11-16 февраля 1963 г.  |f под ред. А. А. Воробьева  |v С. 124-127  |d 1964  |p 364 с. 
610 1 |a электричество 
610 1 |a труды учёных ТПУ 
610 1 |a диэлектрики 
610 1 |a пробой 
700 1 |a Ушаков  |b В. Я.  |c специалист в области электроэнергетики  |c профессор Томского политехнического университета, доктор технических наук  |f 1939-  |g Василий Яковлевич  |3 (RuTPU)RU\TPU\pers\10509  |9 2236 
701 1 |a Торбин  |b Н. М. 
801 0 |a RU  |b 63413507  |c 20011210  |g PSBO 
801 2 |a RU  |b 63413507  |c 20120620  |g PSBO 
942 |c BK